000 00492pab a2200169 454500
008 180718b2009 xxu||||| |||| 00| 0 eng d
100 _aSu, Xuhong
245 _aDynamics of sector switching: hazard models predicting changes from private sector jobs to public and nonprofit sector
260 _c2009
300 _ap.1106-114.
362 _aDec
650 _aPublic administration
700 _aBozeman, Barry
773 _aPublic Administration Review
908 _aN
909 _a85099
999 _c85099
_d85099